000 00290nam a2200121Ia 4500
100 _aDr.Jose George
942 _cBK
245 _aRethinking radicalism in Indian society-Bhagat singh and beyond
260 _bHimalaya Publishers
_c2003
300 _a208
546 _aENGLISH
999 _c29125
_d29125